Регионална библиотека "Любен Каравелов" - Русе

Симфония № 6 си минор, соч. 74 «Патетическая» (Запис номер 519124)

MARC детайли
000 -Лидер
Лидер 01370njm a2200301 a 4500
003 - Код на организацията, давaща контролен номер
Код на организацията, даваща контролен номер BLK
005 - Дата и час на последна редакция
Дата и час на последна редакция 20241010145308.0
007 - Фиксирано поле за физическо описани
Физическо описание sd asmalaaahaa
008 - Елементи от данни с фиксирана дължина
Елементи с фиксирана дължина 221104b bu |||||s|||| 00| | bu d
028 ## - PUBLISHER NUMBER
Издателски номер СМ03581-2
040 ## - Източник на каталожния запис
Код на библиотеката BLK
041 ## - Код за език
Език на записа Руски
Език за КДБФ Руски
080 ## - УДК
УДК текст Симфонии
УДК код 785.082.1
УДК – определител (086.72)
УДК – код + определител 785.082.1(086.72)
100 ## - Редна дума - Автор
R(LIN) 1299
Автор Чайковский, Петр Ильич
Години, свързани с автора 1840 - 1893
Авторска отговорност първи автор
245 ## - Сведения за заглавието
Заглавие Симфония № 6 си минор, соч. 74 «Патетическая»
Авторска отговорност Петр Ильич Чайковский
260 ## - Област на издателските данни
9 (RLIN) 210743
Място на издаване Москва
Име на издателя Мелодия
Година на издаване 1972
300 ## - Физическа характеристика
Брой страници 1 грамофонна плоча
Илюстрации 33 об/мин., стерео
Размер 30 см
380 ## - Жанр
Жанр Изкуство
500 ## - Общи забележки
Обща забележка 1. Adagio. Allegro non troppo<br/>2. Allegro con grazia<br/>3. Allegro molto vivace<br/>4. Finale. Adagio lamentoso
511 ## - Забележка за участници или изпълнители
Забележка за участници Большой симфонический оркестр всесоюзного радио; дир. Геннадий Рождественский
653 ## - Ключова дума – ненормативна
9 (RLIN) 196603
Ключови думи симфонии
700 ## - Други автори (авторска отговорност)
9 (RLIN) 388711
Друг автор Рождественский, Генадий Николаевич
Авт. отговорност на др. автор диригент
852 ## - Местоположение
Сигнатура (форматна) Ф ІІ 2567
Отдел Хранилище
856 ## - Електронен адрес и достъп
Инструкция (цена за достъп) 0.00
Права за достъп disable
942 ## - АРТИКУЛИ
Вид на библиотечния документ Грамофонни плочи
Скрит в OPAC Не
944 ## - СЪЗДАВАНЕ И РЕДАКЦИЯ на ЗАПИСА
Дата на регистрацията/редакция Христина Везирева
Служител, извършил регистрацията/редакцията 30535
Статус, дата на статуса Христина Везирева
999 ## - СИСТЕМНИ КОНТРОЛНИ НОМЕРА
Koha biblionumber 519124
Koha biblioitemnumber 519124
999 ## - СИСТЕМНИ КОНТРОЛНИ НОМЕРА
Koha biblioitemnumber 519124
Наличности
Код за отписване Код за изгубен артикул Източник на класификационната схема Код за повреда Код за отдаване Артикулен № Име на библиотеката - собственик Име на библиотеката, в която се намира в момента Статус (Текущо местоположение) Дата на вписване в системата Местоположение - отдел Цена в лева Инвентарен номер Систематично азбучна сигнатура Баркод Цена в евро Служебен тип на артикула
  Не е изгубен Universal Decimal Classification Не е повреден ползва се в читалня 951583 Регионална библиотека "Любен Каравелов" Русе Регионална библиотека "Любен Каравелов" Русе Хранилище 2024-10-10 Хранилище 3.00 18678 Ф ІІ 2567 900000108409 1.53 Грамофонни плочи
Vip Innovations Ltd, Rousse, Bulgaria 2025